Návrh na rozvoj kľúčových kompetencií zamestnancov v kontexte s udržateľným spoločensky zodpovedným podnikaním v podniku REVOL TT Consulting s. r. o.
Saved in:
| Main Author: | |
|---|---|
| Other Authors: | |
| Format: | Manuscript Book |
| Language: | Slovak |
| Published: |
2016
|
| Subjects: | |
| Online Access: | http://is.stuba.sk/zp/portal_zp.pl?podrobnosti=119007 |
| Tags: |
No Tags, Be the first to tag this record!
|
MARC
| LEADER | 00000ntm a22000003a 4500 | ||
|---|---|---|---|
| 001 | stuzp56215 | ||
| 003 | SK-STU | ||
| 005 | 20160719154932.3 | ||
| 007 | ta | ||
| 008 | 150427s2015----xo-----f-mn---000-0-slo-d | ||
| 040 | |a STU |b slo | ||
| 041 | 0 | |a slo | |
| 100 | 1 | |a Špačková, Ľubomíra |u 064000 |k Z4 |4 aut |U MTF Materiálovotechnologická fakulta |T MTF Ústav priemyselného inžinierstva a manažmentu |X 59530 |U M4000 |Y 84 |7 A000059530 | |
| 242 | 0 | 1 | |a Proposes to develop key competences of employees in the context of sustainable corporate social responsibility in the enterprise Revol TT Consulting, s.r.o. |y eng |
| 245 | 1 | 0 | |a Návrh na rozvoj kľúčových kompetencií zamestnancov v kontexte s udržateľným spoločensky zodpovedným podnikaním v podniku REVOL TT Consulting s. r. o. |
| 260 | |c 2016 | ||
| 650 | 4 | |a udržateľné spoločensky zodpovedné podnikanie |2 slo | |
| 650 | 4 | |a kompetencie |2 slo | |
| 650 | 4 | |a kompetenčný model |2 slo | |
| 650 | 4 | |a udržateľný rozvoj |2 slo | |
| 650 | 4 | |a competency model |2 eng | |
| 650 | 4 | |a sustainable development |2 eng | |
| 650 | 4 | |a competence |2 eng | |
| 650 | 4 | |a sustainable corporate social responsibility |2 eng | |
| 700 | 1 | |a Cagáňová, Dagmar |u 064000 |k Z1 |4 ths |U MTF Materiálovotechnologická fakulta |T MTF Ústav priemyselného inžinierstva a manažmentu |X 2785 |U M4000 |Y 84 |7 A000002785 | |
| 856 | 4 | |u http://is.stuba.sk/zp/portal_zp.pl?podrobnosti=119007 | |
| 996 | |c M* DP-12738 |l MMSKP |s P |a 0 |w stuzp56215_0001 | ||
| SQL | |a stuzp56215 |b DDP |c SLO |d Návrh na rozvoj kľúčových kompetencií zamestnancov v kontexte s udržateľným spoločensky zodpovedným podnikaním v podniku REVOL TT Consulting s. r. o. |e 59530 |f Špačková, Ľubomíra |g 064000 |h 2785 |i Cagáňová, Dagmar |j 20160601 |k 189 |l 06 |m http://is.stuba.sk/zp/portal_zp.pl?podrobnosti=119007 |n I-PMA |o 5.2.52. priemyselné inžinierstvo | ||